[Event "EWIBCC 2019"]
[Site "Monte-Carlo"]
[Date "2019.11.29"]
[Round "7.9"]
[White "Guichard, Pauline"]
[Black "Arakhamia-Grant, Ketevan"]
[Result "1-0"]
[WhiteElo "2407"]
[BlackElo "2376"]
[Annotator "ChessBase"]
[PlyCount "83"]
[EventDate "2019.11.29"]
[EventType "swiss"]
[EventCountry "MNC"]
[SourceTitle "playchess.com"]
[Source "ChessBase"]
[SourceQuality "1"]
[TimeControl "180+2"]

1. c4 {[%emt 0:00:00]} g6 {[%emt 0:00:00]} 2. Nf3 {[%emt 0:00:01]} Bg7 {[%emt 0:00:01]} 3. g3 {[%emt 0:00:02]} e5 {[%emt 0:00:01]} 4. Nc3 {[%emt 0:00:02]} f5 {[%emt 0:00:05]} 5. h4 {[%emt 0:00:21]} e4 {[%emt 0:00:09]} 6. Ng5 {[%emt 0:00:03]} Nf6 {[%emt 0:00:03]} 7. d3 {[%emt 0:00:05]} h6 {[%emt 0:00:16]} 8. Nh3 {[%emt 0:00:07]} exd3 {[%emt 0:00:31]} 9. Qxd3 {[%emt 0:00:03]} Nc6 {[%emt 0:00:19]} 10. Nf4 {[%emt 0:00:31]} Ne5 {[%emt 0:00:03]} 11. Qc2 {[%emt 0:00:03]} O-O {[%emt 0:00:05]} 12. Bg2 {[%emt 0:00:02]} d6 {[%emt 0:00:12]} 13. b3 {[%emt 0:00:02]} c6 {[%emt 0:00:04]} 14. O-O {[%emt 0:00:09]} Nfg4 {[%emt 0:00:37]} 15. Ba3 {[%emt 0:00:16]} g5 {[%emt 0:00:20]} 16. hxg5 {[%emt 0:00:44]} hxg5 {[%emt 0:00:01]} 17. Nh3 {[%emt 0:00:16]} Be6 {[%emt 0:00:06]} 18. Rad1 {[%emt 0:00:03]} Nf7 {[%emt 0:00:07]} 19. e4 {[%emt 0:00:15]} f4 {[%emt 0:00:13]} 20. gxf4 {[%emt 0:00:11]} gxf4 {[%emt 0:00:02]} 21. Nxf4 {[%emt 0:00:07]} Qh4 {[%emt 0:00:01]} 22. Nh3 {[%emt 0:00:05]} Ng5 {[%emt 0:00:07]} 23. f3 {[%emt 0:00:11]} Ne3 {[%emt 0:00:07]} 24. Qd2 {[%emt 0:00:05]} Nxh3+ {[%emt 0:00:08]} 25. Bxh3 {[%emt 0:00:01]} Qg3+ {[%emt 0:00:00]} 26. Bg2 {[%emt 0:00:02]} Nxf1 {[%emt 0:00:05]} 27. Rxf1 {[%emt 0:00:02]} Bh3 {[%emt 0:00:02]} 28. Rf2 {[%emt 0:00:01]} c5 {[%emt 0:00:02]} 29. Ne2 {[%emt 0:00:01]} Qg6 {[%emt 0:00:03]} 30. Bc1 {[%emt 0:00:05]} Be6 {[%emt 0:00:04]} 31. Qxd6 {[%emt 0:00:06]} Rad8 {[%emt 0:00:01]} 32. Qxc5 {[%emt 0:00:00]} Rd1+ {[%emt 0:00:02]} 33. Kh2 {[%emt 0:00:00]} Qh6+ {[%emt 0:00:02]} 34. Bxh6 {[%emt 0:00:01]} Bxh6 {[%emt 0:00:01]} 35. Qh5 {[%emt 0:00:02]} Bg7 {[%emt 0:00:02]} 36. Qg6 {[%emt 0:00:01]} Bf7 {[%emt 0:00:02]} 37. Qg4 {[%emt 0:00:01]} Re8 {[%emt 0:00:03]} 38. Ng3 {[%emt 0:00:01]} Re6 {[%emt 0:00:02]} 39. Nf5 {[%emt 0:00:02]} Rg6 {[%emt 0:00:03]} 40. Ne7+ {[%emt 0:00:01]} Kh7 {[%emt 0:00:00]} 41. Nxg6 Bxg6 {[%emt 0:00:01]} 42. f4 {[%emt 0:00:02]} 1-0

[Event "EWIBCC 2019"]
[Site "Monte-Carlo"]
[Date "2019.11.29"]
[Round "7.10"]
[White "Kazarian, Anna-Maja"]
[Black "Bulmaga, Irina"]
[Result "0-1"]
[WhiteElo "2109"]
[BlackElo "2435"]
[Annotator "NA"]
[PlyCount "92"]
[EventDate "2019.11.29"]
[EventType "swiss"]
[EventCountry "MNC"]
[SourceTitle "playchess.com"]
[Source "ChessBase"]
[SourceQuality "1"]
[TimeControl "180+2"]

1. Nf3 {[%emt 0:00:00]} Nf6 {[%emt 0:00:00]} 2. c4 {[%emt 0:00:00]} e6 {[%emt 0:00:01]} 3. d4 {[%emt 0:00:01]} b6 {[%emt 0:00:01]} 4. g3 {[%emt 0:00:02]} Bb7 $11 {[%emt 0:00:01]} 5. Bg2 {[%emt 0:00:01]} Be7 {[%emt 0:00:01]} 6. O-O {[%emt 0:00:02]} O-O {[%emt 0:00:02]} 7. Re1 {[%emt 0:00:07]} Na6 {[%emt 0:00:02]} 8. Nc3 {[%emt 0:00:15]} Ne4 {[%emt 0:00:02]} 9. Nxe4 {[%emt 0:00:16]} Bxe4 {[%emt 0:00:02]} 10. Ne5 {[%emt 0:00:15]} Bxg2 {[%emt 0:00:07]} 11. Kxg2 {[%emt 0:00:01]} c5 {[%emt 0:00:30]} 12. d5 {[%emt 0:00:20]} Bf6 {[%emt 0:00:06]} 13. Nf3 {[%emt 0:00:37]} exd5 {[%emt 0:00:01]} 14. Qxd5 {[%emt 0:00:01]} Nb4 {[%emt 0:00:03]} 15. Qd1 {[%emt 0:00:13]} Re8 {[%emt 0:00:10]} 16. a3 {[%emt 0:00:18]} Nc6 {[%emt 0:00:01]} 17. Rb1 {[%emt 0:00:10]} a6 {[%emt 0:00:05]} 18. b4 {[%emt 0:00:04]} cxb4 {[%emt 0:00:06]} 19. axb4 {[%emt 0:00:01]} b5 {[%emt 0:00:00]} 20. cxb5 {[%emt 0:00:03]} axb5 {[%emt 0:00:02]} 21. Qd5 {[%emt 0:00:04]} Bc3 {[%emt 0:00:13]} 22. Bd2 {[%emt 0:00:09]} Bxd2 {[%emt 0:00:04]} 23. Qxd2 {[%emt 0:00:07]} Qe7 {[%emt 0:00:04]} 24. e3 {[%emt 0:00:04]} Qe4 {[%emt 0:00:06]} 25. Red1 {[%emt 0:00:14]} g5 {[%emt 0:00:14]} 26. Qd5 {[%emt 0:00:04]} g4 {[%emt 0:00:16]} 27. Qxe4 {[%emt 0:00:01]} Rxe4 {[%emt 0:00:02]} 28. Ne1 {[%emt 0:00:01]} Rxb4 {[%emt 0:00:08]} 29. Rxb4 {[%emt 0:00:01]} Nxb4 {[%emt 0:00:01]} 30. Rxd7 {[%emt 0:00:02]} Na2 {[%emt 0:00:10]} 31. Nd3 {[%emt 0:00:04]} b4 {[%emt 0:00:06]} 32. Rd4 {[%emt 0:00:00]} b3 {[%emt 0:00:07]} 33. Rxg4+ {[%emt 0:00:02]} Kf8 {[%emt 0:00:01]} 34. Rh4 {[%emt 0:00:10]} Rd8 {[%emt 0:00:02]} 35. Nb2 {[%emt 0:00:03]} Rd2 {[%emt 0:00:02]} 36. Nc4 {[%emt 0:00:01]} Rc2 {[%emt 0:00:02]} 37. Na3 {[%emt 0:00:02]} Rc3 {[%emt 0:00:04]} 38. Rxh7 {[%emt 0:00:03]} b2 {[%emt 0:00:01]} 39. Nb1 {[%emt 0:00:03]} Rc1 {[%emt 0:00:02]} 40. Na3 {[%emt 0:00:01]} Kg8 {[%emt 0:00:21]} 41. Rh5 {[%emt 0:00:04]} Nc3 {[%emt 0:00:11]} 42. Rg5+ {[%emt 0:00:02]} Kf8 {[%emt 0:00:02]} 43. Rc5 {[%emt 0:00:10]} Kg7 {[%emt 0:00:02]} 44. Rc4 {[%emt 0:00:01]} Ra1 {[%emt 0:00:03]} 45. Rb4 {[%emt 0:00:07]} Nd1 {[%emt 0:00:07]} 46. Nc2 {[%emt 0:00:05]} b1=Q {[%emt 0:00:38]} 0-1

[Event "EWIBCC 2019"]
[Site "Monte-Carlo"]
[Date "2019.11.29"]
[Round "7.11"]
[White "Babiy, Olga"]
[Black "Salimova, Nurgyul"]
[Result "1-0"]
[WhiteElo "2249"]
[BlackElo "2370"]
[Annotator "ChessBase"]
[PlyCount "117"]
[EventDate "2019.11.29"]
[EventType "swiss"]
[EventCountry "MNC"]
[SourceTitle "playchess.com"]
[Source "ChessBase"]
[SourceQuality "1"]
[TimeControl "180+2"]

1. e4 {[%emt 0:00:00]} e5 {[%emt 0:00:00]} 2. Nf3 {[%emt 0:00:00]} Nc6 {[%emt 0:00:00]} 3. Bc4 {[%emt 0:00:01]} Nf6 {[%emt 0:00:01]} 4. d3 {[%emt 0:00:07]} Be7 {[%emt 0:00:01]} 5. a4 {[%emt 0:00:03]} O-O {[%emt 0:00:04]} 6. Nc3 {[%emt 0:00:04]} d6 {[%emt 0:00:04]} 7. h3 {[%emt 0:00:01]} Be6 {[%emt 0:00:08]} 8. O-O {[%emt 0:00:07]} Qd7 {[%emt 0:00:06]} 9. Nd5 {[%emt 0:00:12]} Bxd5 {[%emt 0:00:19]} 10. Bxd5 {[%emt 0:00:12]} Nxd5 {[%emt 0:00:01]} 11. exd5 {[%emt 0:00:01]} Nb4 {[%emt 0:00:14]} 12. c4 {[%emt 0:00:06]} Qf5 {[%emt 0:00:14]} 13. Ne1 {[%emt 0:00:07]} c6 {[%emt 0:00:20]} 14. Qb3 {[%emt 0:00:20]} a5 {[%emt 0:00:01]} 15. Bd2 {[%emt 0:00:03]} cxd5 {[%emt 0:00:12]} 16. Bxb4 {[%emt 0:00:03]} axb4 {[%emt 0:00:02]} 17. cxd5 {[%emt 0:00:08]} e4 {[%emt 0:01:26]} 18. dxe4 Qxe4 {[%emt 0:00:01]} 19. Nc2 {[%emt 0:00:16]} Bf6 {[%emt 0:00:04]} 20. Nxb4 {[%emt 0:00:05]} Rac8 {[%emt 0:00:08]} 21. Rac1 {[%emt 0:00:20]} Qd4 {[%emt 0:00:06]} 22. Nd3 {[%emt 0:00:08]} Rfe8 {[%emt 0:00:04]} 23. Rfd1 {[%emt 0:00:10]} Rxc1 {[%emt 0:00:03]} 24. Rxc1 {[%emt 0:00:03]} h6 {[%emt 0:00:01]} 25. Rd1 {[%emt 0:00:06]} Re7 {[%emt 0:00:06]} 26. g3 {[%emt 0:00:25]} g6 {[%emt 0:00:00]} 27. Qb5 {[%emt 0:00:06]} Kg7 {[%emt 0:00:03]} 28. b3 {[%emt 0:00:02]} h5 {[%emt 0:00:02]} 29. Qc4 {[%emt 0:00:02]} h4 {[%emt 0:00:03]} 30. Qxd4 Bxd4 {[%emt 0:00:01]} 31. gxh4 {[%emt 0:00:06]} Re4 {[%emt 0:00:02]} 32. Kg2 {[%emt 0:00:08]} Rxh4 {[%emt 0:00:01]} 33. f4 {[%emt 0:00:03]} Rh8 {[%emt 0:00:02]} 34. Rc1 {[%emt 0:00:12]} Re8 {[%emt 0:00:01]} 35. Rc7 {[%emt 0:00:05]} Re2+ {[%emt 0:00:01]} 36. Kf1 {[%emt 0:00:01]} Re3 {[%emt 0:00:01]} 37. Nc1 {[%emt 0:00:06]} Rxh3 {[%emt 0:00:03]} 38. Ke2 {[%emt 0:00:02]} Rc3 {[%emt 0:00:02]} 39. Rxc3 {[%emt 0:00:03]} Bxc3 {[%emt 0:00:01]} 40. Kd3 {[%emt 0:00:02]} Bb2 {[%emt 0:00:02]} 41. Ne2 {[%emt 0:00:02]} Kf6 {[%emt 0:00:00]} 42. b4 {[%emt 0:00:03]} Kf5 {[%emt 0:00:01]} 43. a5 {[%emt 0:00:15]} Bf6 {[%emt 0:00:06]} 44. b5 {[%emt 0:00:00]} Bd8 {[%emt 0:00:01]} 45. a6 {[%emt 0:00:00]} bxa6 {[%emt 0:00:01]} 46. bxa6 {[%emt 0:00:00]} Bb6 {[%emt 0:00:00]} 47. Kc4 {[%emt 0:00:02]} Ke4 {[%emt 0:00:02]} 48. Kb5 {[%emt 0:00:01]} Bc5 {[%emt 0:00:01]} 49. Kc6 {[%emt 0:00:04]} Kf3 {[%emt 0:00:02]} 50. Nc1 {[%emt 0:00:01]} Be3 {[%emt 0:00:05]} 51. Nd3 {[%emt 0:00:04]} f6 {[%emt 0:00:01]} 52. Kxd6 {[%emt 0:00:01]} g5 {[%emt 0:00:01]} 53. fxg5 {[%emt 0:00:01]} fxg5 {[%emt 0:00:01]} 54. Ke6 {[%emt 0:00:02]} g4 {[%emt 0:00:01]} 55. Ne5+ {[%emt 0:00:00]} Kf4 {[%emt 0:00:01]} 56. Nxg4 {[%emt 0:00:01]} Kxg4 {[%emt 0:00:01]} 57. d6 {[%emt 0:00:01]} Bb6 {[%emt 0:00:01]} 58. d7 {[%emt 0:00:01]} Kf4 {[%emt 0:00:02]} 59. a7 {[%emt 0:00:03]} 1-0

[Event "EWIBCC 2019"]
[Site "Monte-Carlo"]
[Date "2019.11.29"]
[Round "7.12"]
[White "Savina, Anastasia"]
[Black "Reizniece-Ozola, Dana"]
[Result "1/2-1/2"]
[WhiteElo "2354"]
[BlackElo "2305"]
[Annotator "RC"]
[PlyCount "174"]
[EventDate "2019.11.29"]
[EventType "swiss"]
[EventCountry "MNC"]
[SourceTitle "playchess.com"]
[Source "ChessBase"]
[SourceQuality "1"]
[TimeControl "180+2"]

1. d4 {[%emt 0:00:00]} Nf6 {[%emt 0:00:00]} 2. c4 {[%emt 0:00:02]} g6 {[%emt 0:00:00]} 3. Nc3 {[%emt 0:00:01]} Bg7 {[%emt 0:00:00]} 4. e4 {[%emt 0:00:01]} d6 {[%emt 0:00:00]} 5. Nf3 {[%emt 0:00:02]} O-O {[%emt 0:00:02]} 6. h3 {[%emt 0:00:01]} e5 {[%emt 0:00:04]} 7. d5 {[%emt 0:00:01]} a5 {[%emt 0:00:01]} 8. Be3 {[%emt 0:00:03]} Na6 {[%emt 0:00:01]} 9. g4 {[%emt 0:00:01]} Nd7 {[%emt 0:00:04]} 10. a3 {[%emt 0:00:03]} c5 {[%emt 0:01:00]} 11. dxc6 {[%emt 0:00:12]} bxc6 {[%emt 0:00:01]} 12. Qxd6 {[%emt 0:00:10]} Rb8 {[%emt 0:00:06]} 13. O-O-O {[%emt 0:00:13]} Re8 {[%emt 0:00:22]} 14. Qxc6 {[%emt 0:00:12]} Re6 {[%emt 0:00:04]} 15. Qd5 {[%emt 0:00:38]} h6 {[%emt 0:00:03]} 16. c5 {[%emt 0:00:32]} Nc7 {[%emt 0:00:02]} 17. Qd2 {[%emt 0:00:04]} Qe8 {[%emt 0:00:15]} 18. Bc4 {[%emt 0:00:18]} Rc6 {[%emt 0:00:06]} 19. Na4 {[%emt 0:00:10]} Bf8 {[%emt 0:00:14]} 20. Kb1 {[%emt 0:00:05]} Nxc5 {[%emt 0:00:07]} 21. Nxc5 {[%emt 0:00:03]} Bxc5 {[%emt 0:00:02]} 22. Bxc5 {[%emt 0:00:17]} Rxc5 {[%emt 0:00:00]} 23. Rc1 {[%emt 0:00:04]} Kg7 {[%emt 0:00:11]} 24. Rhd1 {[%emt 0:00:07]} Bb7 {[%emt 0:00:21]} 25. Bd5 {[%emt 0:00:11]} Rb5 {[%emt 0:00:06]} 26. Rc2 {[%emt 0:00:07]} Na6 {[%emt 0:00:06]} 27. Qc3 {[%emt 0:00:06]} Nc5 {[%emt 0:00:10]} 28. Qxe5+ {[%emt 0:00:04]} Qxe5 {[%emt 0:00:01]} 29. Nxe5 {[%emt 0:00:01]} Nxe4 {[%emt 0:00:01]} 30. Bxb7 {[%emt 0:00:06]} R8xb7 {[%emt 0:00:30]} 31. Nc4 {[%emt 0:00:02]} a4 {[%emt 0:00:00]} 32. f3 {[%emt 0:00:02]} Nc5 {[%emt 0:00:00]} 33. Nd6 {[%emt 0:00:01]} Rd7 {[%emt 0:00:00]} 34. Nxb5 {[%emt 0:00:03]} Rxd1+ {[%emt 0:00:00]} 35. Rc1 {[%emt 0:00:01]} Rd5 {[%emt 0:00:10]} 36. Nc3 {[%emt 0:00:04]} Rd3 {[%emt 0:00:00]} 37. Ne4 {[%emt 0:00:02]} Nb3 {[%emt 0:00:00]} 38. Rc3 {[%emt 0:00:02]} Rd1+ {[%emt 0:00:00]} 39. Kc2 {[%emt 0:00:02]} Rc1+ {[%emt 0:00:00]} 40. Kd3 {[%emt 0:00:00]} Rb1 {[%emt 0:00:00]} 41. Rc2 {[%emt 0:00:02]} Rf1 {[%emt 0:00:00]} 42. Ke3 {[%emt 0:00:01]} Rh1 {[%emt 0:00:00]} 43. Nf2 {[%emt 0:00:02]} Re1+ {[%emt 0:00:00]} 44. Kf4 {[%emt 0:00:01]} g5+ {[%emt 0:00:05]} 45. Kg3 {[%emt 0:00:00]} Nd4 {[%emt 0:00:02]} 46. Rd2 {[%emt 0:00:05]} Ne2+ {[%emt 0:00:01]} 47. Kh2 {[%emt 0:00:02]} Nf4 {[%emt 0:00:01]} 48. Nd3 {[%emt 0:00:03]} Nxd3 {[%emt 0:00:01]} 49. Rxd3 {[%emt 0:00:01]} Re2+ {[%emt 0:00:01]} 50. Kg3 {[%emt 0:00:00]} Rxb2 {[%emt 0:00:00]} 51. Rd4 {[%emt 0:00:01]} Ra2 {[%emt 0:00:01]} 52. Rxa4 {[%emt 0:00:12]} Ra1 {[%emt 0:00:01]} 53. Ra8 {[%emt 0:00:00]} Ra2 {[%emt 0:00:01]} 54. a4 {[%emt 0:00:00]} Ra3 {[%emt 0:00:01]} 55. Kf2 {[%emt 0:00:00]} Kh7 {[%emt 0:00:02]} 56. a5 {[%emt 0:00:00]} Kg7 {[%emt 0:00:01]} 57. a6 {[%emt 0:00:00]} Kh7 {[%emt 0:00:01]} 58. a7 {[%emt 0:00:07]} Kg7 {[%emt 0:00:01]} 59. Kg3 {[%emt 0:00:01]} Kh7 {[%emt 0:00:02]} 60. h4 {[%emt 0:00:00]} Kg7 {[%emt 0:00:00]} 61. hxg5 {[%emt 0:00:03]} hxg5 {[%emt 0:00:01]} 62. Kf2 {[%emt 0:00:01]} Kf6 {[%emt 0:00:03]} 63. Ke2 {[%emt 0:00:01]} Kg7 {[%emt 0:00:01]} 64. Kd2 {[%emt 0:00:01]} Kh7 {[%emt 0:00:02]} 65. Kc2 {[%emt 0:00:01]} Kg7 {[%emt 0:00:02]} 66. Kb2 {[%emt 0:00:01]} Ra6 {[%emt 0:00:02]} 67. Kc3 {[%emt 0:00:01]} Ra4 {[%emt 0:00:03]} 68. Kb3 {[%emt 0:00:01]} Ra1 {[%emt 0:00:00]} 69. Kc4 {[%emt 0:00:01]} Ra3 {[%emt 0:00:02]} 70. Kc5 {[%emt 0:00:04]} Ra1 {[%emt 0:00:02]} 71. Kb6 {[%emt 0:00:02]} Rb1+ {[%emt 0:00:01]} 72. Kc6 {[%emt 0:00:01]} Ra1 {[%emt 0:00:02]} 73. Kd6 {[%emt 0:00:03]} Ra3 {[%emt 0:00:05]} 74. Kc5 {[%emt 0:00:06]} Ra2 {[%emt 0:00:02]} 75. Kd4 {[%emt 0:00:05]} Ra3 {[%emt 0:00:01]} 76. Ke4 {[%emt 0:00:02]} Ra5 {[%emt 0:00:02]} 77. Ke3 {[%emt 0:00:03]} Ra4 {[%emt 0:00:01]} 78. Kd3 {[%emt 0:00:02]} Ra3+ {[%emt 0:00:02]} 79. Kc4 {[%emt 0:00:02]} Ra1 {[%emt 0:00:01]} 80. Kd5 {[%emt 0:00:02]} Ra4 {[%emt 0:00:05]} 81. Kd6 {[%emt 0:00:02]} Ra3 {[%emt 0:00:02]} 82. Ke5 {[%emt 0:00:02]} Ra5+ {[%emt 0:00:01]} 83. Kd6 {[%emt 0:00:01]} Ra3 {[%emt 0:00:00]} 84. Kc7 {[%emt 0:00:04]} Rc3+ {[%emt 0:00:02]} 85. Kb6 {[%emt 0:00:01]} Rb3+ {[%emt 0:00:00]} 86. Kc6 {[%emt 0:00:02]} Ra3 {[%emt 0:00:01]} 87. Kb6 {[%emt 0:00:03]} Ra2 {[%emt 0:00:01]} 1/2-1/2

[Event "EWIBCC 2019"]
[Site "Monte-Carlo"]
[Date "2019.11.29"]
[Round "7.13"]
[White "Socko, Monika"]
[Black "Limanovska, Elizabete"]
[Result "1-0"]
[WhiteElo "2417"]
[BlackElo "2178"]
[Annotator "TA"]
[PlyCount "67"]
[EventDate "2019.11.29"]
[EventType "swiss"]
[EventCountry "MNC"]
[SourceTitle "playchess.com"]
[Source "ChessBase"]
[SourceQuality "1"]

{[%evp 10,67,12,6,42,28,61,0,39,30,60,65,88,46,96,12,22,13,7,-13,60,27,19,16,10,17,50,22,70,0,14,16,15,0,0,0,12,18,54,54,47,45,51,-47,128,75,102,0,206,216,314,312,314,308,444,336,317,295,665,658]} 1. d4 Nf6 2. c4 e6 3. Nf3 b6 4. Bf4 Bb7 5. e3 Be7 6. Nc3 d5 {E12: Queen's Indian: Unusual White 4th moves, 4 a3, 4 Nc3 Bb7 5 a3 and 4 Nc3 Bb7} (6... Nh5 7. Bd3 d6 8. O-O Nd7 9. Be4 Bxe4 10. Nxe4 O-O 11. Nc3 Re8 12. h3 Nxf4 13. exf4 Bf6 14. Re1 {½-½ (80) Dubov,D (2700)-Radjabov,T (2759) Moscow 2019}) 7. Rc1 Nh5 8. Bg3 (8. Be5 $14 O-O 9. cxd5) 8... Nxg3 {The position is equal.} 9. hxg3 dxc4 $146 ({Predecessor:} 9... a6 10. cxd5 Bxd5 11. Nxd5 Qxd5 12. a3 Qa5+ 13. Nd2 {1-0 (44) Zweers,T-Ruiter,N Alkmaar 1985}) 10. Bxc4 Nd7 11. Qc2 Nf6 12. Bb5+ ({White should try} 12. g4 $16) 12... c6 $11 13. Bd3 g6 14. Ne5 Bd6 ({Better is} 14... O-O $11) 15. Ne4 Bxe5 16. dxe5 Nxe4 17. Bxe4 Rc8 18. Rd1 Qc7 19. Qc3 (19. Rd6 $14) 19... c5 20. Bxb7 Qxb7 21. O-O O-O 22. Rd6 Rfd8 23. Rfd1 $36 {[%mdl 2048] White fights for an advantage.} Rxd6 24. exd6 {[%mdl 4096] Endgame KQR-KQR} Rd8 25. Qe5 Rd7 26. g4 ({White should play} 26. a3 $1 $14) 26... h6 $2 {[#]} (26... Qa6 $15 {stays ahead.}) 27. f4 (27. Kh2 $142 $1) 27... Qc6 {[#]} 28. e4 (28. Kf2 $1 $16) 28... c4 $2 (28... Qa4 $11 {and Black stays safe.} 29. Rd3 Qc2) 29. Kh2 $18 Qc5 (29... Qa4 $142 30. Qd4 Qxa2) 30. Qxc5 bxc5 31. e5 f6 (31... Kf8 {was worth a try.} 32. Rc1 g5 33. fxg5 hxg5 34. Rxc4 f6 35. Rxc5 (35. exf6 Kf7 $16) 35... fxe5 36. Rxe5 Rxd6 37. Rxg5 Ra6) 32. Rc1 g5 33. Kg3 ({Less strong is} 33. Rxc4 gxf4 34. Rxf4 (34. exf6 Rxd6 35. Rxf4 Kf7 $11) 34... fxe5 $11) 33... gxf4+ $2 (33... Kf7 34. Rxc4 Rb7) 34. Kxf4 {Accuracy: White = 30%, Black = 21%.} 1-0

[Event "EWIBCC 2019"]
[Site "Monte-Carlo"]
[Date "2019.11.29"]
[Round "7.14"]
[White "Girya, Olga"]
[Black "Zaksaite, Salomeja"]
[Result "0-1"]
[WhiteElo "2476"]
[BlackElo "2202"]
[Annotator "TA"]
[PlyCount "49"]
[EventDate "2019.11.29"]
[EventType "swiss"]
[EventCountry "MNC"]
[SourceTitle "playchess.com"]
[Source "ChessBase"]
[SourceQuality "1"]

{[%evp 13,49,29,28,31,25,38,52,48,71,80,70,1,34,30,43,39,42,37,41,-5,12,0,0,-16,-16,-16,-16,-22,-18,-114,-87,-134,-116,-113,-115,-110,-35,-90]} 1. d4 Nf6 2. Nf3 g6 3. Bg5 Ne4 4. Bf4 Bg7 5. Nbd2 d5 6. e3 c5 7. c3 O-O 8. Nxe4 {A48: 1 d4 Nf6 2 Nf3 g6: Torre, London and Colle Systems} dxe4 9. Nd2 Qb6 $146 ({Predecessor:} 9... cxd4 10. exd4 Bf5 11. g4 Bd7 12. Bg2 Qb6 13. O-O f5 14. gxf5 gxf5 15. Nc4 Qb5 {1-0 (28) Levin,E (2428)-Evdokimov,A (2562) St Petersburg 2007}) 10. Qb3 {White is slightly better.} Qxb3 11. axb3 cxd4 12. cxd4 (12. exd4 $14 Be6 13. Bb5 (13. Nxe4 Bxb3 14. Nd2 Bd5 $14)) 12... Nc6 13. Nxe4 e5 14. dxe5 Nxe5 15. Nc3 Be6 16. b4 (16. Bxe5 $5 Bxe5 17. Bc4 $14) 16... Rfc8 17. Bxe5 Bxe5 18. Rc1 a5 $36 {[%mdl 2048] Black is pushing.} 19. bxa5 Rxa5 {White must now prevent ...b5!} 20. Bd3 {[#]} b5 $1 {[%cal Bb7b5,Bb5b4][%mdl 544] ...b4 is the strong threat.} 21. O-O (21. Ke2 $1 $11 {keeps the balance.}) (21. Nxb5 Rxc1+) 21... b4 22. Ne4 {[#]} Rxc1 $1 23. Rxc1 Bxb2 24. Rb1 {[#]} Ra1 ({Better is} 24... Ba3 $1 $17 {And now ...Ba2 would win.} 25. Kf1 b3) 25. f3 {Accuracy: White = 33%, Black = 53%.} (25. Rxa1 $15 Bxa1 26. Nc5) 0-1

[Event "EWIBCC 2019"]
[Site "Monte-Carlo"]
[Date "2019.11.29"]
[Round "7.15"]
[White "Rogule, Laura"]
[Black "Berend, Elvira"]
[Result "0-1"]
[WhiteElo "2293"]
[BlackElo "2349"]
[Annotator "ChessBase"]
[PlyCount "122"]
[EventDate "2019.11.29"]
[EventType "swiss"]
[EventCountry "MNC"]
[SourceTitle "playchess.com"]
[Source "ChessBase"]
[SourceQuality "1"]
[TimeControl "180+2"]

1. c4 {[%emt 0:00:00]} e5 {[%emt 0:00:00]} 2. Nc3 {[%emt 0:00:00]} Nf6 {[%emt 0:00:00]} 3. g3 {[%emt 0:00:02]} Bb4 {[%emt 0:00:04]} 4. Bg2 {[%emt 0:00:01]} O-O {[%emt 0:00:03]} 5. e4 {[%emt 0:00:16]} c6 {[%emt 0:00:03]} 6. Nge2 {[%emt 0:00:02]} Na6 {[%emt 0:00:08]} 7. O-O {[%emt 0:00:08]} Nc7 {[%emt 0:00:08]} 8. d4 {[%emt 0:00:05]} exd4 {[%emt 0:00:10]} 9. Qxd4 {[%emt 0:00:02]} Ne6 {[%emt 0:00:04]} 10. Qd1 {[%emt 0:00:08]} d6 {[%emt 0:00:05]} 11. h3 {[%emt 0:00:17]} Re8 {[%emt 0:00:09]} 12. Kh2 {[%emt 0:00:14]} Nc5 {[%emt 0:00:15]} 13. Qc2 {[%emt 0:00:08]} Qe7 {[%emt 0:00:02]} 14. a3 {[%emt 0:00:47]} Bxc3 {[%emt 0:00:08]} 15. Nxc3 {[%emt 0:00:02]} a5 {[%emt 0:00:08]} 16. Re1 {[%emt 0:00:35]} a4 {[%emt 0:00:05]} 17. Bf4 {[%emt 0:00:06]} Be6 {[%emt 0:00:10]} 18. Rad1 {[%emt 0:00:43]} Red8 19. Qe2 {[%emt 0:00:00]} Nb3 {[%emt 0:00:07]} 20. g4 {[%emt 0:00:00]} Na5 {[%emt 0:00:13]} 21. Nxa4 {[%emt 0:00:00]} Bxc4 {[%emt 0:00:02]} 22. Qf3 {[%emt 0:00:00]} Bb3 {[%emt 0:00:03]} 23. Nc3 {[%emt 0:00:00]} Bxd1 {[%emt 0:00:02]} 24. Rxd1 {[%emt 0:00:12]} Nc4 {[%emt 0:00:05]} 25. Qe2 {[%emt 0:00:00]} d5 {[%emt 0:00:10]} 26. g5 {[%emt 0:00:00]} Ne8 {[%emt 0:00:12]} 27. exd5 {[%emt 0:00:01]} Qxe2 {[%emt 0:00:02]} 28. Nxe2 {[%emt 0:00:01]} cxd5 {[%emt 0:00:01]} 29. Bxd5 {[%emt 0:00:02]} Nxb2 {[%emt 0:00:04]} 30. Rd2 {[%emt 0:00:01]} Na4 {[%emt 0:00:05]} 31. Bxb7 {[%emt 0:00:03]} Rxd2 {[%emt 0:00:02]} 32. Bxd2 {[%emt 0:00:01]} Rd8 {[%emt 0:00:06]} 33. Bb4 {[%emt 0:00:02]} Nb6 {[%emt 0:00:04]} 34. Ba5 {[%emt 0:00:04]} Rb8 {[%emt 0:00:03]} 35. Be4 {[%emt 0:00:01]} Nc4 {[%emt 0:00:03]} 36. Bb4 {[%emt 0:00:01]} Ncd6 {[%emt 0:00:02]} 37. Bd3 {[%emt 0:00:03]} Rd8 {[%emt 0:00:05]} 38. Nf4 {[%emt 0:00:02]} Nc7 {[%emt 0:00:09]} 39. a4 {[%emt 0:00:01]} Nb7 {[%emt 0:00:06]} 40. a5 {[%emt 0:00:02]} Rd4 {[%emt 0:00:10]} 41. Bd2 {[%emt 0:00:01]} Nd5 {[%emt 0:00:10]} 42. Nxd5 {[%emt 0:00:03]} Rxd5 {[%emt 0:00:36]} 43. Be4 {[%emt 0:00:03]} Rxd2 {[%emt 0:00:00]} 44. Bxb7 {[%emt 0:00:01]} Rxf2+ {[%emt 0:00:00]} 45. Kg3 {[%emt 0:00:01]} Ra2 {[%emt 0:00:00]} 46. a6 {[%emt 0:00:01]} Kf8 {[%emt 0:00:00]} 47. h4 {[%emt 0:00:01]} Ke7 {[%emt 0:00:00]} 48. Kf4 {[%emt 0:00:01]} Kd6 {[%emt 0:00:00]} 49. Kf5 {[%emt 0:00:02]} Ra5+ {[%emt 0:00:00]} 50. Kf4 {[%emt 0:00:01]} Ra4+ {[%emt 0:00:00]} 51. Kg3 {[%emt 0:00:01]} Ke5 {[%emt 0:00:00]} 52. Kh3 {[%emt 0:00:03]} f5 {[%emt 0:00:00]} 53. gxf6 {[%emt 0:00:01]} gxf6 {[%emt 0:00:00]} 54. Kg3 {[%emt 0:00:02]} f5 {[%emt 0:00:00]} 55. h5 {[%emt 0:00:03]} h6 {[%emt 0:00:00]} 56. Kh3 {[%emt 0:00:01]} Kf4 {[%emt 0:00:00]} 57. Kg2 {[%emt 0:00:02]} Ra3 {[%emt 0:00:00]} 58. Kf2 {[%emt 0:00:02]} Ra2+ {[%emt 0:00:00]} 59. Kg1 {[%emt 0:00:02]} Kg3 {[%emt 0:00:00]} 60. Kf1 {[%emt 0:00:01]} f4 {[%emt 0:00:00]} 61. Ke1 {[%emt 0:00:03]} f3 {[%emt 0:00:00]} 0-1